[Event "ESP-ch zone 1"]
[Site "Logrono"]
[Date "2008.08.18"]
[Round "1.5"]
[White "Garcia Castro, Pablo"]
[Black "Elexpe Bastida, Oscar"]
[Result "1-0"]
[WhiteElo "2390"]
[BlackElo "1676"]
[PlyCount "71"]
[EventDate "2008.08.18"]
[EventType "swiss"]
[EventRounds "4"]
[EventCountry "ESP"]
[SourceTitle "CBM 126 Extra"]
[Source "ChessBase"]
[SourceDate "2008.11.05"]
[SourceVersion "1"]
[SourceVersionDate "2008.11.05"]
[SourceQuality "1"]

1. g3 c5 2. Bg2 d5 3. d3 e6 4. Nd2 Nf6 5. e4 Nc6 6. Ngf3 Be7 7. 0-0 0-0 8. Re1 Qc7 9. Nf1 dxe4 10. dxe4 Rd8 11. Qe2 Nd4 12. Nxd4 cxd4 13. e5 Nd5 14. Be4 g6 15. Bd3 b6 16. a3 Bb7 17. Nd2 Rac8 18. h4 Bf8 19. Ne4 Qxe5 20. Bg5 Qc7 21. Bxd8 Rxd8 22. Kh2 Bg7 23. Ng5 e5 24. h5 Qe7 25. Nf3 Re8 26. hxg6 hxg6 27. Bb5 Rd8 28. Nxe5 a6 29. Bc6 Bxc6 30. Nxc6 Qxe2 31. Rxe2 Rd6 32. Re8+ Kh7 33. Rc8 Re6 34. Kg2 Re2 35. Rh1+ Bh6 36. Nxd4 1-0